| 000 | 00506nam a2200217Ia 4500 | ||
|---|---|---|---|
| 003 | OSt | ||
| 005 | 20140314143854.0 | ||
| 008 | 140130s9999 xx 000 0 und d | ||
| 020 | _a0439222400 | ||
| 050 |
_aPZ 7 _b.G33914Ap 2000 |
||
| 100 | _aGibbons, Gail | ||
| 245 |
_aApples / _cGail Gibbons. |
||
| 260 |
_bScholastic, _c2000. _aNew York : |
||
| 300 |
_a40 p. : _bcol. ill. ; _c24 cm. |
||
| 440 | _v1 | ||
| 521 | _aG4 | ||
| 526 | _c650 | ||
| 942 |
_cBK _2lcc |
||
| 999 |
_c40853 _d40853 |
||